Normal view
MARC view
- Agarwal, B L .
Entry Personal Name
001 - CONTROL NUMBER
- control field: 1368
003 - CONTROL NUMBER IDENTIFIER
- control field: OSt
005 - DATE AND TIME OF LATEST TRANSACTION
- control field: 20160830124834.0
008 - FIXED-LENGTH DATA ELEMENTS
- fixed length control field: 160830|| aca||aabn | a|a d
040 ## - CATALOGING SOURCE
- Original cataloging agency: OSt
- Transcribing agency: OSt
100 ## - HEADING--PERSONAL NAME
- Personal name: Agarwal, B L .
670 ## - SOURCE DATA FOUND
- Source citation: Work cat.: (OSt)10587: Agarwal, B L ., Basic Statistics / , 1991.
